000 00825nam a2200229Ia 4500
003 GCL
008 140319s9999 xx 000 0 ara d
040 _aGCL /
_cGCL
082 0 4 _a258.54
_bت د
100 1 _aعبدالصبور شاهين
245 1 0 _aدرء تعارض العقل والنقل /
_cعبدالصبور شاهين
700 1 _aابن تيمية : تقى الدين ابوالعباس احمد بن عبدالحليم
700 1 _aمحمد السيد الجليند
250 _aالاولى
260 _aالقاهرة :
_bمركز الاهرام للترجمة والنشر ،
_c1988
300 _a287 ص ؛
_c24 سم
490 _aتقريب التراث
_v0
650 0 4 _aالاسلام
650 0 4 _aالفقه الحنبلى
650 0 4 _aالمذاهب الفقهية
942 _2ddc
_cBK
999 _c30278
_d30278